000 01004cam a2200229 i 4500
999 _c14295
_d14295
003 OSt
005 20260210173025.0
008 230613t20232023maua 001 0 eng d
020 _a9780760380611
_qhardcover
082 0 4 _a720.1
_223
100 1 _aFrankowski, Nathalie,
_eauthor.
245 1 0 _aUniversal principles of architecture :
_b100 architectural archetypes, methods, conditions, relationships, and imaginaries /
_cNathalie Frankowski & Cruz Garcia, WAI Architecture Think Tank.
300 _a224 pages :
_bcolor illustrations ;
_c26 cm
500 _aIncludes index.
505 0 _aArchetypes -- Methods -- Conditions -- Relationships -- Imaginaries.
520 _a"Universal Principles of Architecture is a concise, visual introduction to 100 of the most fundamental elements of architecture"--
650 0 _aArchitectural design.
650 6 _aArchitecture
_xComposition, proportions, etc.
700 1 _aGarcia, Cruz,
_d1983-
_eauthor.
710 2 _aWAI Architecture Think Tank.
942 _2ddc